000 00458nam a22001577a 4500
020 _a9781292351223
040 _cNUST
082 _a512.5 LAY
100 _aLay, David C. Lay, Steven R
_999270
110 _aMcDonald, Judith
_998897
245 _aLinear Algebra and Its Applications
250 _a6th Edition Global Edition
260 _aHARLOW:
_bPEARSON EDUCATION,
_c2022.
650 _aLinear Algebra and Its Applications
_925671
942 _2ddc
_cBK
999 _c591402
_d591402